000 00551nam a2200181 i 4500
001 50110
003 ES-MaACL
005 20250803063047.0
007 t|
008 030730s1911 it ||||1| ita d
100 1 _aCroce, Benedetto,
_d1866-1952
_9241508
245 1 0 _aSaggi sulla letteratura italiana del seicento /
_cBenedetto Croce.
260 _aBari :
_bGins. Laterza & Figli,
_c1911.
300 _aXXIII, 444 p. ;
_c22 cm.
650 4 _aLiteratura italiana-
_yS.XVI.
_9154735
852 _aES-MaACL
_jF-13360
999 _c50110
_d50110